Exposición en el Museo provincial téxtil
Publicado:
San Jorge, núm. 84 (4t trimestre 1971), pàg 157 :
MARC
| LEADER | 00000nam a2200000Ia 4500 | ||
|---|---|---|---|
| 001 | |||
| 008 | 160829s9999 xx 000 0 cat d | ||
| 245 | |a Exposición en el Museo provincial téxtil | ||
| 260 | |a San Jorge, núm. 84 (4t trimestre 1971), pàg 157 | ||
| 650 | |a Museu Tèxtil de Terrassa | ||
| 650 | |a Teles |x Exposicions |9 41606 | ||
| 901 | |a Arxiu | ||
| 942 | |n 1 | ||
| 952 | |0 0 |1 0 |4 0 |7 1 |9 50319 |a Arxiu |b Arxiu |d 2016-12-01 |l 0 |r 2016-12-01 00:00:00 |w 2016-12-01 |y ARXIU | ||
| 999 | |c 54161 |d 54161 | ||